000 00661cam a2200241 a 4500
001 14986590
005 20180122033826.0
008 070829s2007 caua b 001 0 eng
010 _a 2007936377
020 _a9780495390893
020 _a0495390895
040 _aDLC
_cDLC
_dDLC
041 _aeng
043 _an-us---
080 _a34 THO
100 1 _a14
101 _aJUR
245 1 0 _aCriminal law /
_cThomas J. Gardner, Terry M. Anderson.
504 _aIncludes bibliographical references and index.
906 _a7
_bcbc
_corignew
_d2
_eepcn
_f20
_gy-gencatlg
942 _2ddc
_cBK
999 _c40625
_d40625